000 00543nam a22001817a 4500
999 _c27123
_d27123
003 BDDh-ASL
005 20231015030728.0
008 211025s1832 ii ||||| |||| 00| 0 u d
040 _aBDDh-ASL
_cBDDh-ASL
082 _a297.3
_bABQ
100 1 _95401
_aAbdullah, Maulavi Mohammad
245 1 0 _aQiyamat Nama : / قيامت نامہ
260 _aKolkata :
_bMohamamd Faizullah ,
_c1254 H. / 1832.
300 _a84 p. :
_c23 cm.
505 _aColophon and Pages are missing From Beginning
650 0 _91652
_aIslam
942 _2ddc
_cBK